| 000 | 01853nam0a2200361 4500 | ||
|---|---|---|---|
| 001 | RU\NLR\bibl\1024606 | ||
| 005 | 20260405064906.0 | ||
| 010 |
_a5-279-02262-4 _92000 |
||
| 021 |
_aRU _b2006-72747 _93670 |
||
| 035 | _a(nilc)RSL-KNO-002969429 | ||
| 035 | _a(NLR Aleph) 001012116 | ||
| 090 |
_a645157 _c645157 |
||
| 100 | _a20061109d2007 |||y0rusy50 ca | ||
| 101 | 0 | _arus | |
| 102 | _aRU | ||
| 105 | _ay zzzz||||| | ||
| 200 | 1 |
_aТуроперейтинг: организация деятельности _eучеб. для студентов вузов туристского профиля _fЕ. Н. Ильина _gРос. международ. акад. туризма |
|
| 210 |
_aМосква _cФинансы и статистика _d2007 [т.е. 2006] |
||
| 215 |
_a250, [1] с. _d21 |
||
| 300 | _aКн. фактически изд. в 2006 г. | ||
| 320 | _aБиблиогр.: с. 248-249 | ||
| 606 | 1 |
_aТуризм _jУчебники для высших учебных заведений _xОрганизация _92057202 _3RU\NLR\auth\66949355 |
|
| 610 | 0 | _aКультура. Наука. Просвещение -- Физическая культура и спорт -- Туризм -- Российская Федерация -- Туристские базы. лагери,клубы. кемпинги, агентства -- Организация работы -- Учебное пособие для высшей школы | |
| 686 |
_aЧ518.14(2Р)7-1я73-1 _2rubbk |
||
| 686 | _aЧ518.14(0)я73 | ||
| 700 | 1 |
_4070 _8rus _7ca _aИльина _bЕ.Н. _cэкономика туризма _gЕлена Николаевна _3RU\NLR\auth\7722847 _95902 |
|
| 801 | 0 |
_aRU _bРКП _c20061109 _grcr |
|
| 801 | 1 |
_aRU _bРГБ _c20061109 |
|
| 801 | 2 |
_aRU _bNLR _c20061219 _grcr |
|
| 942 | _cBOOK | ||
| 980 | _aNB | ||